Les stars du football - Statistiques

Statistiques générales
  • Ce quiz a été pris 57 fois
  • Le résultat moyen est 6 sur 10
Statistiques - réponses
Question Réponse % Correct
Neymar a t-il déja gagné la Coupe du Monde ? Non
100%
Zlatan Ibrahimovic a t-il déja gagné la Ligue des Champions ? Non
89%
Quel joueur n'a jamais disputé la coupe du monde de football ? Gianluigi Donnarumma
79%
Antoine Griezmann a t-il déja gagné la Liga ? Non
68%
Qui a déja marqué un but en finale de ligue des champions ? Divock Origi
64%
Dans quel club Fabinho a t-il déja joué ? Real Madrid
59%
Combien de Ligue des Champions à gagné Clarence Seedorf ? 3
46%
Quel est le meilleur classement au ballon d'or de Wesley Sneijder ? 4ème
34%
Combien de fois Mohamed Salah a t-il fini meilleur buteur de Première League ? 4
25%
Combien de Millions d'euros à couté le transfert de Cristiano Ronaldo à la Juventus ? 112 Millions
20%
Aucun quiz correspondant
Distribution des résultats
% des personnes avec chaque résultat
Percentile par nombre de réponses
Votre historique - résultats
Vous n’avez pas pris ce quiz